Loading...
| Current Events | 4 | 12.50 | 100% | 25% | 0% |
| Fine Arts - Classical Music | 3 | 13.33 | 100% | 33% | 0% |
| Fine Arts - Other | 4 | 12.50 | 100% | 25% | 0% |
| Fine Arts - Painting and Sculpture | 4 | 10.00 | 75% | 25% | 0% |
| Geography | 4 | 12.50 | 100% | 25% | 0% |
| History - American | 3 | 13.33 | 67% | 67% | 0% |
| History - European | 1 | 10.00 | 100% | 0% | 0% |
| History - Other | 3 | 10.00 | 100% | 0% | 0% |
| History - World | 6 | 16.67 | 100% | 67% | 0% |
| Literature - Drama | 3 | 16.67 | 67% | 67% | 33% |
| Literature - Long Fiction | 2 | 20.00 | 100% | 100% | 0% |
| Literature - Poetry | 5 | 14.00 | 100% | 40% | 0% |
| Mythology | 3 | 10.00 | 100% | 0% | 0% |
| Other Academic | 5 | 18.00 | 100% | 80% | 0% |
| Philosophy | 5 | 18.00 | 80% | 80% | 20% |
| Religion | 2 | 15.00 | 100% | 50% | 0% |
| Science - Biology | 3 | 10.00 | 67% | 33% | 0% |
| Science - Chemistry | 3 | 16.67 | 100% | 67% | 0% |
| Science - Other | 6 | 15.00 | 100% | 33% | 17% |
| Science - Physics | 5 | 16.00 | 100% | 60% | 0% |
| Short Fiction and Other | 3 | 20.00 | 100% | 67% | 33% |
| Social Science | 9 | 15.56 | 100% | 44% | 11% |